| 000 | 00458nam a22001697a 4500 | ||
|---|---|---|---|
| 005 | 20260303123033.0 | ||
| 008 | 260303b |||||||| |||| 00| 0 eng d | ||
| 020 | _a978-9914-709-64-3 | ||
| 100 | _aWAMALWA, JOASH | ||
| 245 | _aMENTOR PHYSICS: LEARNERS BOOK GRADE 10 | ||
| 260 |
_aNAIROBI _bMENTOR PUBLISHING _c2025 |
||
| 300 | _aIV,292P. | ||
| 500 | _aINCLUDES AN INDEX | ||
| 650 | _aPHYSICS -TEXTBOOKS | ||
| 700 | _aSHITERA LAVENAH | ||
| 942 |
_2lcc _cBK |
||
| 999 |
_c216762 _d216762 |
||